| 000 | 00659nam a2200229Ia 4500 | ||
|---|---|---|---|
| 003 | OSt | ||
| 005 | 20251112103849.0 | ||
| 008 | 210210b2011 xxu||||| |||| 00| 0 eng d | ||
| 020 | _a8126031492 | ||
| 040 | _cAL | ||
| 041 | _aKannada | ||
| 082 | _aK894.9 UMAS | ||
| 100 |
_aUMAPATI (S) _d ಉಮಾಪತಿ _9245094 |
||
| 245 |
_aShivayogi Siddharameshvararu _bಶಿವಯೋಗಿ ಸಿದ್ಧರಾಮೇಶ್ವರರು |
||
| 260 |
_aNavadehali _bSahitya Akademi _c2011 |
||
| 300 | _a108 | ||
| 650 |
_aSiddharameshvararu _9245095 |
||
| 650 |
_aShivayogi _9245096 |
||
| 690 |
_aKannada Criticism _9245097 |
||
| 906 | _a072050 | ||
| 942 |
_2ddc _cBK |
||
| 999 |
_c121926 _d121926 |
||